| 000 | 01268ngm a22002770a 4500 | ||
|---|---|---|---|
| 001 | PT15533 | ||
| 003 | AR-LpoUNG | ||
| 005 | 20210202000158.0 | ||
| 007 | vd cvaizq | ||
| 008 | 191001s1967||||ag |||||||||||||||||fre d | ||
| 037 | _c$8.3 | ||
| 040 |
_aAR-LpoUNG _bspa _cAR-LpoUNG _eaacr |
||
| 041 |
_afre _aspa |
||
| 044 | _aag | ||
| 082 | 0 | _a302.1 59ave | |
| 100 | 1 |
_aEnrico, Robert _edir. |
|
| 245 | 1 | 4 | _aLos aventureros |
| 260 |
_aBuenos Aires : _bArrakis, _c[1967]. |
||
| 300 | _aVHS (90 min.) : son, col. | ||
| 505 | 0 | _aDiálogos en francés, subtítulos en castellano. - Fotografía: Jean Boffety. - Argumentación: José Giovanni. | |
| 520 | _aDos personas comunes, muy distintas entre sí. Fortalecen una amistad profunda, creada en las fantasias de sus aventuras; acrobacias aéreas, una auto de carrera que se incendiará en la primera prueba, pasar en avión por el Arco del Triunfo o ir tras la búsqueda de un tesoro marino en el Congo. Letcia, una artista vanguardista que desea comprarles chatarra para sus esculturas, viene a completar un trio de idealistas que, al realizar su primer sueño se convierten en millonarios y... hallan la realidad de la muerte. | ||
| 651 | 4 | _aFrancia | |
| 653 | _aVIDEOS | ||
| 905 | _a15533 | ||
| 942 | _cVIDEO | ||
| 999 |
_c54264 _d54264 |
||